[Event "EU-ch U18"]
[Site "Prague"]
[Date "2024.08.23"]
[Round "2"]
[White "Talibov, Shiroghlan"]
[Black "Fishchuk, Vladyslav"]
[Result "1-0"]
[WhiteElo "2395"]
[BlackElo "2264"]
[PlyCount "87"]
[EventDate "2024.08.22"]
[EventType "swiss"]
[EventRounds "9"]
[EventCountry "CZE"]
[SourceTitle "CBM 221 Extra"]
[Source "ChessBase"]
[SourceDate "2024.09.30"]
[SourceVersion "1"]
[SourceVersionDate "2024.09.30"]
[SourceQuality "1"]

1. e4 c5 2. Nf3 Nc6 3. Bb5 g6 4. Bxc6 bxc6 5. 0-0 Bg7 6. Re1 Qc7 7. Na3 Nh6 8. d3 0-0 9. h3 f6 10. Be3 d6 11. Qd2 Nf7 12. c3 Rb8 13. Rac1 f5 14. exf5 Bxf5 15. d4 cxd4 16. cxd4 Be4 17. Nh2 Qb7 18. b3 c5 19. f3 cxd4 20. Bxd4 Bxd4+ 21. Qxd4 Bf5 22. Nc4 e5 23. Qh4 Rbc8 24. Rcd1 Qa6 25. Rd2 Be6 26. Ne3 Qb6 27. Kh1 Qd8 28. Qg3 Rc3 29. Nhg4 Qe7 30. Nf2 Rfc8 31. Ne4 Rc1 32. Rxc1 Rxc1+ 33. Kh2 Kg7 34. Qf2 Ra1 35. f4 d5 36. Nxd5 Bxd5 37. Rxd5 exf4 38. Qd4+ Kf8 39. Rd7 Rd1 40. Qxd1 Qxe4 41. Qd5 Qe8 42. Rxa7 Kg7 43. a4 f3 44. Qxf7+ 1-0

[Event "EU-ch U18 blitz"]
[Site "Prague"]
[Date "2024.08.20"]
[Round "14"]
[White "Fishchuk, Vladyslav"]
[Black "Javornik, Nik"]
[Result "1-0"]
[WhiteElo "2264"]
[BlackElo "2212"]
[PlyCount "103"]
[EventDate "2024.08.19"]
[EventType "swiss (blitz)"]
[EventRounds "18"]
[EventCountry "CZE"]
[SourceTitle "CBM 221 Extra"]
[Source "ChessBase"]
[SourceDate "2024.09.30"]
[SourceVersion "1"]
[SourceVersionDate "2024.09.30"]
[SourceQuality "1"]

1. Nc3 c5 2. Nf3 Nc6 3. d4 cxd4 4. Nxd4 g6 5. h4 Bg7 6. Nxc6 bxc6 7. h5 d5 8. Qd3 e5 9. e4 d4 10. Ne2 h6 11. hxg6 fxg6 12. Qc4 Qd6 13. Ng3 Be6 14. Qa4 Nf6 15. Bc4 h5 16. Bg5 0-0 17. Bxe6+ Qxe6 18. Qb3 Rfe8 19. Qxe6+ Rxe6 20. Bxf6 Rxf6 21. f3 c5 22. b3 c4 23. Ke2 Rc8 24. Rad1 Bh6 25. Nf1 cxb3 26. cxb3 Rc2+ 27. Nd2 Ra6 28. a4 Rb6 29. Kd3 Rc3+ 30. Ke2 d3+ 31. Kf2 Rc2 32. Ke1 Kf7 33. Rh3 Bxd2+ 34. Rxd2 Rc1+ 35. Kf2 Rxb3 36. f4 Rc2 37. Rhxd3 Rxd2+ 38. Rxd2 exf4 39. Rd7+ Kf6 40. Rxa7 g5 41. a5 g4 42. a6 Rb2+ 43. Kf1 Kg5 44. Ra8 Kh4 45. a7 Ra2 46. e5 Kg3 47. e6 h4 48. e7 h3 49. gxh3 f3 50. e8Q Ra1+ 51. Qe1+ Rxe1+ 52. Kxe1 1-0

[Event "EU-ch U18 blitz"]
[Site "Prague"]
[Date "2024.08.20"]
[Round "8"]
[White "Fishchuk, Vladyslav"]
[Black "Pedmanson, Albert"]
[Result "1-0"]
[WhiteElo "2264"]
[BlackElo "2045"]
[PlyCount "30"]
[EventDate "2024.08.19"]
[EventType "swiss (blitz)"]
[EventRounds "18"]
[EventCountry "CZE"]
[SourceTitle "CBM 221 Extra"]
[Source "ChessBase"]
[SourceDate "2024.09.30"]
[SourceVersion "1"]
[SourceVersionDate "2024.09.30"]
[SourceQuality "1"]

1. Nc3 d5 2. e4 dxe4 3. Nxe4 e6 4. d4 Nf6 5. Nxf6+ Qxf6 6. Nf3 h6 7. Bd3 Bd6 8. 0-0 0-0 9. Qe2 c5 10. Qe4 Re8 11. dxc5 Bxc5 12. Bf4 Nc6 13. Ne5 Bd6 14. Qh7+ Kf8 15. Nxc6 bxc6 1-0

[Event "EU-ch U18 blitz"]
[Site "Prague"]
[Date "2024.08.20"]
[Round "12"]
[White "Fishchuk, Vladyslav"]
[Black "Skrbec, Leon"]
[Result "1-0"]
[WhiteElo "2264"]
[BlackElo "2250"]
[PlyCount "65"]
[EventDate "2024.08.19"]
[EventType "swiss (blitz)"]
[EventRounds "18"]
[EventCountry "CZE"]
[SourceTitle "CBM 221 Extra"]
[Source "ChessBase"]
[SourceDate "2024.09.30"]
[SourceVersion "1"]
[SourceVersionDate "2024.09.30"]
[SourceQuality "1"]

1. Nc3 d5 2. e4 dxe4 3. Nxe4 Bf5 4. Qf3 Bxe4 5. Qxe4 c6 6. g3 Nf6 7. Qe2 g6 8. Bg2 Bg7 9. Nf3 0-0 10. 0-0 Nbd7 11. d4 Qb6 12. c3 Rfe8 13. Re1 a5 14. a4 Nd5 15. h4 Rad8 16. h5 N7f6 17. h6 Bf8 18. Ne5 Nc7 19. Qf3 Qb3 20. Bf1 Ncd5 21. Bc4 Qb6 22. g4 Qc7 23. g5 Rd6 24. Bd2 Bxh6 25. gxh6 Rf8 26. Bf4 Nxf4 27. Qxf4 Nd5 28. Bxd5 cxd5 29. Nd3 Qd8 30. Qe5 Rf6 31. Qxe7 Qb6 32. Nc5 Rf4 33. Qxf8+ 1-0

[Event "EU-ch U18 blitz"]
[Site "Prague"]
[Date "2024.08.20"]
[Round "10"]
[White "Kutowski, Marcel"]
[Black "Fishchuk, Vladyslav"]
[Result "1/2-1/2"]
[WhiteElo "2263"]
[BlackElo "2264"]
[PlyCount "108"]
[EventDate "2024.08.19"]
[EventType "swiss (blitz)"]
[EventRounds "18"]
[EventCountry "CZE"]
[SourceTitle "CBM 221 Extra"]
[Source "ChessBase"]
[SourceDate "2024.09.30"]
[SourceVersion "1"]
[SourceVersionDate "2024.09.30"]
[SourceQuality "1"]

1. e4 c5 2. Nf3 Nc6 3. Nc3 e5 4. Bc4 Be7 5. 0-0 d6 6. h3 Nf6 7. d3 0-0 8. a4 Be6 9. Nd5 Bxd5 10. Bxd5 Nxd5 11. exd5 Nb8 12. c3 f5 13. a5 Nd7 14. Nd2 b5 15. axb6 axb6 16. Rxa8 Qxa8 17. c4 b5 18. b3 b4 19. Bb2 Qa2 20. Qc2 Qa6 21. Ra1 Qb7 22. Nf1 g6 23. Qb1 Ra8 24. Ra2 Nb6 25. Qa1 Rxa2 26. Qxa2 Qa8 27. Qxa8+ Nxa8 28. g3 Bg5 29. Kg2 Kf7 30. h4 Bh6 31. g4 Bf4 32. g5 Nb6 33. Ng3 Nc8 34. Ne2 Bd2 35. Bc1 Bxc1 36. Nxc1 Ne7 37. f4 e4 38. Kf2 exd3 39. Nxd3 Nc8 40. Nb2 Nb6 41. Ke3 Ke7 42. Nd3 Kf7 43. Kd2 Ke7 44. Nc1 Kf7 45. Ne2 Ke7 46. Ng3 Kf7 47. h5 Ke7 48. h6 Kf7 49. Nf1 Ke7 50. Ne3 Kf7 51. Ng2 Ke7 52. Nh4 Kf7 53. Kc2 Nc8 54. Kd3 Nb6 1/2-1/2

[Event "EU-ch U18 blitz"]
[Site "Prague"]
[Date "2024.08.20"]
[Round "16"]
[White "Palczert, Matyas"]
[Black "Fishchuk, Vladyslav"]
[Result "1-0"]
[WhiteElo "2341"]
[BlackElo "2264"]
[PlyCount "47"]
[EventDate "2024.08.19"]
[EventType "swiss (blitz)"]
[EventRounds "18"]
[EventCountry "CZE"]
[SourceTitle "CBM 221 Extra"]
[Source "ChessBase"]
[SourceDate "2024.09.30"]
[SourceVersion "1"]
[SourceVersionDate "2024.09.30"]
[SourceQuality "1"]

1. e4 c5 2. Nf3 Nc6 3. Bc4 Nf6 4. e5 Ng4 5. Qe2 f6 6. exf6 Nxf6 7. 0-0 e6 8. c3 d5 9. Bb3 Be7 10. d4 0-0 11. dxc5 a5 12. Nbd2 a4 13. Bc2 Bxc5 14. h3 Qc7 15. c4 Kh8 16. Re1 Bd7 17. Nf1 Rae8 18. Bg5 a3 19. bxa3 e5 20. cxd5 e4 21. Bxf6 exf3 22. Qd3 Bxf2+ 23. Kxf2 Qb6+ 24. Ne3 1-0

[Event "EU-ch U18 blitz"]
[Site "Prague"]
[Date "2024.08.20"]
[Round "7"]
[White "Pedmanson, Albert"]
[Black "Fishchuk, Vladyslav"]
[Result "0-1"]
[WhiteElo "2045"]
[BlackElo "2264"]
[PlyCount "75"]
[EventDate "2024.08.19"]
[EventType "swiss (blitz)"]
[EventRounds "18"]
[EventCountry "CZE"]
[SourceTitle "CBM 221 Extra"]
[Source "ChessBase"]
[SourceDate "2024.09.30"]
[SourceVersion "1"]
[SourceVersionDate "2024.09.30"]
[SourceQuality "1"]

1. d4 d5 2. Nf3 Nf6 3. Bf4 c5 4. c3 Nc6 5. e3 e6 6. Nbd2 Nh5 7. Bg3 Qb6 8. Rb1 Nxg3 9. hxg3 g6 10. Bd3 Bg7 11. Qa4 Bd7 12. Qa3 e5 13. dxc5 Qc7 14. e4 d4 15. b4 0-0 16. 0-0 a6 17. Nc4 Rad8 18. Nd6 Bg4 19. Bc4 Kh8 20. Ng5 Rd7 21. Ndxf7+ Rdxf7 22. Nxf7+ Rxf7 23. Bxf7 Qxf7 24. b5 axb5 25. Qa8+ Qf8 26. Qxb7 Qxc5 27. Rxb5 Qd6 28. Rd5 Qf6 29. Qa8+ Bf8 30. cxd4 Nxd4 31. Rd8 Kg7 32. f3 Be6 33. Rb1 Bc5 34. Qb7+ Kh6 35. Kh2 Qg5 36. Rh1 Qh5+ 37. Kg1 Ne2+ 38. Kf1 0-1